Every African Country by Coastline - Statistics

General Stats
  • This quiz has been taken 22 times
  • The average score is 29 of 38
Answer Stats
Km Country % Correct
3,790 Egypt
95%
5,440 Madagascar
95%
2,710 Morocco
95%
3,840 Mozambique
95%
3,070 South Africa
95%
2,440 Somalia
89%
1,200 Algeria
84%
2,190 Nigeria
84%
1,890 Angola
79%
1,920 Guinea-Bissau
79%
1,780 Libya
79%
1,010 Mauritania
79%
1,910 Tanzania
79%
1,390 Tunisia
79%
211 Democratic Republic of the Congo
74%
319 Djibouti
74%
1,420 Eritrea
74%
1,900 Gabon
74%
497 Gambia
74%
824 Kenya
74%
1,510 Namibia
74%
1,260 Senegal
74%
975 Sierra Leone
74%
735 Sudan
74%
121 Benin
68%
343 Comoros
68%
590 Ghana
68%
1,280 Ivory Coast
68%
606 Liberia
68%
250 Mauritius
68%
176 Republic of the Congo
68%
391 Seychelles
68%
50 Togo
68%
789 Cameroon
63%
495 Equatorial Guinea
63%
879 Guinea
63%
807 Cape Verde
58%
185 Sao Tome and Principe
58%
No matching quizzes found
Score Distribution
Percent of People with Each Score
Percentile by Number Answered
Your Score History
You have not taken this quiz